• 首页
  • 本馆介绍
  • 公告通知
  • 最新文献
  • 馆藏检索
  • 电子资源
  • 读者导购
  • 参考咨询
  • 我的图书馆
  • 登录
  • 详细信息显示
  • 放入我的书架
  • 预约/预借图书
  • 作者相关作品
  • 分类相关作品
  • 丛书相关作品
  • 出版社相关作品

书目信息

  • 表格格式
  • 工作单格式
  • 卡片格式
题名:
精神生活·意志
    
 
作者: 阿伦特 著 ;姜志辉 译
分册:  
出版信息: 南京   江苏教育出版社  2006
页数: 285页
开本: 23cm
丛书名:
单 册:
中图分类: B712.6-53
科图分类:
主题词: 阿伦特,H--精神--文集 , 阿伦特,H
电子资源:
ISBN: 7-5343-7491-X
000 00953nam0 2200277 450
000 00960nam0 2200277 450
000 00888nam0 2200253 450
000 00852nam0 2200241 45
005 20070516175028.70
010    @a7-5343-7491-X@dCNY25.00
100    @a20070308d2006 em y0chiy0120 ea
101 1  @achi@ceng
102    @aCN@b320000
105    @ay z 000yy
200 1  @a精神生活·意志@Ajing shen sheng huo ·yi zhi@dThe Life Of The Mind : Willing@f(美)阿伦特(Arendr,H)著@g姜志辉译@zeng
210    @a南京@c江苏教育出版社@d2006
215    @a285页@d23cm
330    @a本书分三部分:哲学家和意志,我在行动时对自己提问:精神的人的发现,意志和理智。
510 1  @aThe Life Of The Mind : Willing@zeng
606 0  @a阿伦特,H@x精神@j文集
606 0  @a阿伦特,H
690    @aB712.6-53@v4
701  1 @c(美)@a阿伦特@Aa lun te@g(Arendr,H)@4著
702  0 @a姜志辉@Ajiang zhi hui@4译
801  0 @aCN@bTAOJIN@c20070516
905    @a10447@dB712.6-53@e28
    
    精神生活·意志=The Life Of The Mind : Willing/(美)阿伦特(Arendr,H)著/姜志辉译.-南京:江苏教育出版社,2006
    285页;23cm
    
    
    ISBN 7-5343-7491-X:CNY25.00
    本书分三部分:哲学家和意志,我在行动时对自己提问:精神的人的发现,意志和理智。
●
相关链接 在E读中查询图书 在五车中查询图书 在当当中查询图书 在豆瓣中查询图书


正题名:精神生活·意志     索取号:B712.6-53/28         预约/预借

序号 登录号 条形码 馆藏地/架位号 状态 备注
1 0520910   205209102   第一样本阅览室/ [索取号:B712.6-53/28] 在馆    
2 0520911   205209111   第一借阅区/ [索取号:B712.6-53/28] 在馆    
3 0520912   205209120   教育系资料室/ [索取号:B712.6-53/28] 在馆    
4 0520913   205209139   第一借阅区/ [索取号:B712.6-53/28] 在馆    
5 0520914   205209148   第一借阅区/ [索取号:B712.6-53/28] 在馆    
6 0520915   205209157   教育系资料室/ [索取号:B712.6-53/28] 在馆    
7 0520916   205209166   第一借阅区/ [索取号:B712.6-53/28] 在馆    
8 0520917   205209175   第一借阅区/ [索取号:B712.6-53/28] 在馆    
唐山师范学院图书馆 欢迎您!
大连网信软件有限公司© 版权所有